Sports Quiz

Random Sports or Clickable Quiz
Score 0/239 Timer 20:00
1 Play Today
% Correct
Amari
78.8%
Nelson
78.1%
Odell
76.8%
Danny
76.2%
Alshon
75.5%
Stefon
74.9%
DeAndre
74.7%
JuJu
74.7%
Davante
74.5%
Brandin
74.3%
Julian
74.3%
T.Y.
74.2%
Cooper
73.3%
Julio
73%
Adam
72.8%
D.K.
72.8%
Tyreek
72.8%
A.J.
72.7%
Geronimo
72.7%
Cordarrelle
72.6%
Randall
72.4%
Larry
72%
Mohamed
72%
Antonio
71.8%
Cole
71.4%
Keenan
71.4%
Jamison
71.1%
D.J.
70.8%
Sterling
70.5%
Mike or Michael
70.2%
Emmanuel
69.6%
N'Keal
69.6%
Kenny
69.5%
Mecole
69.3%
Courtland
69.1%
Golden
68.6%
Tyler
68.5%
Jarvis
68.3%
Christian
68%
Phillip
68%
Keke
67.4%
Sammy
67.3%
Chris
67.2%
Will or Willie
67.2%
Devin
67%
Breshad
66.3%
Terry
66.3%
Marquise
66.1%
Deebo
66%
Jermaine
66%
Calvin
65.7%
Mike or Michael
65.5%
Quincy
65.5%
DeSean
65.3%
Marquez
64.7%
Adam
64.5%
Allen
64.4%
Chris
64.2%
Dede
63.9%
Mike or Michael
63.6%
Ted
63.6%
Demaryius
63.2%
Robby or Robert
63.2%
Equanimeous
62.9%
Laquon
62.6%
Hunter
62.5%
Tyler
62.5%
DeVante
61.9%
Andy
61.8%
J.J.
61.6%
Kenny
61%
Donte
60.9%
Dontrelle
60.6%
Dante
60.3%
Chris
60%
Curtis
59.3%
J.D.
59%
Taylor
58.8%
Robby or Robert
58.4%
Zay
58.4%
% Correct
Tavon
58.1%
Tajae
58%
Keelan
57.1%
Tyrell
56.5%
Parris
56.2%
Corey
55.9%
Marvin
55.5%
Allen
54.6%
Pharoh
53.7%
Cody
53.6%
Josh
53.6%
Travis
53.6%
A.J.
53%
Ryan
52.8%
Cameron
52.7%
John
52.1%
D.J.
52%
Auden
51.5%
Will or Willie
51.4%
Braxton
50.8%
Paul
50.8%
Jakeem
50.1%
Tre'Quan
49.9%
DaeSean
48.9%
Albert
48.8%
Kendrick
48.6%
Marqise
48%
Darius
47.7%
Zach
47.3%
Allen
47%
Miles
46%
John
45.4%
Seth
45.4%
Diontae
45.3%
Jalen
43.9%
Josh
43.9%
Rashard
43.8%
Jakobi
42.3%
Corey
42.2%
Deon
41.5%
KeeSean
41.3%
Marquise
41.3%
De'Anthony
41.2%
J.J.
41.2%
Chester
40%
Anthony
39.7%
James
39.6%
Damiere
39.4%
Riley
39.1%
Hakeem
38.8%
Alex
38.5%
Bennie
38%
Josh
37.5%
Ray-Ray
37.1%
Demarcus
36.9%
Jake
36.6%
Taywan
36.5%
Lil'Jordan
35.8%
Justin
35.3%
Mike or Michael
35.2%
Russell
35%
Chad
34.9%
Olabisi
34.9%
Byron
34.6%
Matthew
34.2%
Mack
33.7%
Isaiah
31.4%
Russell
30.9%
Preston
30.4%
Mike or Michael
29.9%
Jarius
29.8%
Jaron
29.5%
Cody
28.8%
Jojo
28.8%
Austin
28.3%
Gunner
27.9%
Mike or Michael
27.7%
Trey
27.4%
Keith
27.2%
Andre
27%
% Correct
Keelan
27%
Ricardo
26.7%
Richie
26.3%
Tim
26.1%
Robby or Robert
24.7%
Amba
23.9%
Derek
23.9%
Trent
23.9%
David
23.6%
Kelvin
23.4%
Dwayne
21.8%
C.J.
21.6%
Ryan
21.3%
Damion
21.2%
Quinton
21.2%
Vyncint
21%
Dylan
20%
DeAndre
19.7%
Justin
19.6%
Geremy
18.7%
Gary
18.4%
Marvin
18.2%
Daurice
18.1%
Travis
18.1%
Trent
18%
Cameron
17.8%
Vince
17.7%
Darvin
17.5%
Deonte
17.2%
Juwann
17.2%
KhaDarel
17.2%
Javon
17.1%
Isaiah
16.9%
Olamide
16.9%
Bobo
16.8%
John
16.8%
Brandon
16.6%
Joe
16.6%
John
16.6%
Steve
16.4%
Jon'Vea
16.1%
Scotty
15.9%
Trevor
15%
Lance
14.7%
Malik
14.7%
Cedrick
14.3%
Diontae
14.2%
Jester
14.1%
Brittan
14%
Marcus
13.9%
Jaleel
12.8%
Charles
12.7%
Fred
12.3%
Nsimba
10.9%
Justin
10.8%
Darius
10.7%
Cameron
10.2%
T.J.
10.2%
Marcus
10.1%
Darrius
9.9%
Devin
9.1%
Felton
9.1%
Chris
8.9%
Noah
8.9%
Chris
8.6%
K.J.
7.9%
C.J.
7.4%
Isaac
7.4%
Steve
7.4%
Damion
6.7%
Shawn
6.6%
Nick
6.4%
Alex
5.7%
Bryant
5.4%
Robby or Robert
5.1%
Marcus
5%
Tyron
4.7%
Davon
3.9%
D.J.
3.4%
Remove Ads.
Support Sporcle.
Get the best of Sporcle when you Go Orange. This ad-free experience offers more features, more stats, and more fun while also helping to support Sporcle. Thank you for becoming a member.

You're not logged in!

Compare scores with friends on all Sporcle quizzes.
OR
Log In

Show Comments

Extras

Top Quizzes Today


Score Distribution

Your Account Isn't Verified!

In order to create a playlist on Sporcle, you need to verify the email address you used during registration. Go to your Sporcle Settings to finish the process.

Report this User

Report this user for behavior that violates our Community Guidelines.

Details: